France: cities over 50 000 inhabitants - Statistics

General Stats
  • This quiz has been taken 18 times
  • The average score is 62 of 134
Answer Stats
Ranking Population Département (county) Name of the city % Correct
9 265 000 33 Bordeaux
100%
10 238 000 59 Lille
100%
3 520 000 69 Lyon
100%
2 877 000 13 Marseille
100%
1 2 113 000 75 Paris
100%
26 140 000 29 Brest
94%
5 353 000 06 Nice
94%
8 291 000 67 Strasbourg
94%
17 159 000 21 Dijon
88%
6 325 000 44 Nantes
88%
11 227 000 35 Rennes
88%
4 511 000 31 Toulouse
88%
19 156 000 38 Grenoble
82%
7 307 000 34 Montpellier
82%
23 147 000 13 Aix-en-Provence
76%
69 75 000 2A Ajaccio
76%
29 131 000 74 Annecy
76%
38 108 000 14 Caen
76%
21 150 000 30 Nîmes
76%
35 116 000 45 Orléans
76%
13 178 000 51 Reims
76%
20 156 000 974 Saint-Denis
76%
22 148 000 93 Saint-Denis
76%
14 172 000 42 Saint-Etienne
76%
12 180 000 83 Toulon
76%
119 53 000 64 Bayonne
71%
34 120 000 25 Besançon
71%
79 67 000 62 Calais
71%
71 74 000 06 Cannes
71%
24 147 000 63 Clermont-Ferrand
71%
15 166 000 76 Le Havre
71%
25 145 000 72 Le Mans
71%
30 129 000 87 Limoges
71%
31 121 000 57 Metz
71%
42 104 000 54 Nancy
71%
32 120 000 66 Perpignan
71%
27 138 000 37 Tours
71%
16 162 000 69 Villeurbanne
71%
28 134 000 80 Amiens
65%
18 157 000 49 Angers
65%
90 63 000 973 Cayenne
65%
65 78 000 50 Cherbourg-en-Cotentin
65%
62 79 000 17 La Rochelle
65%
41 104 000 68 Mulhouse
65%
53 89 000 86 Poitiers
65%
85 64 000 29 Quimper
65%
43 99 000 59 Roubaix
65%
93 62 000 10 Troyes
65%
57 83 000 78 Versailles
65%
80 67 000 68 Colmar
59%
54 87 000 59 Dunkerque
59%
102 58 000 56 Lorient
59%
97 60 000 79 Niort
59%
36 116 000 76 Rouen
59%
44 99 000 59 Tourcoing
59%
48 91 000 84 Avignon
53%
61 80 000 34 Béziers
53%
96 60 000 73 Chambéry
53%
70 75 000 972 Fort-de-France
53%
37 110 000 93 Montreuil
53%
45 98 000 92 Nanterre
53%
39 107 000 95 Argenteuil
47%
129 51 000 13 Arles
47%
33 120 000 92 Boulogne-Billancourt
47%
92 62 000 82 Montauban
47%
107 56 000 11 Narbonne
47%
51 90 000 ? 988 Nouméa
47%
63 78 000 64 Pau
47%
72 73 000 44 Saint-Nazaire
47%
56 85 000 974 Saint-Pierre
47%
87 64 000 26 Valence
47%
112 54 000 56 Vannes
47%
67 76 000 06 Antibes
41%
52 89 000 93 Aubervilliers
41%
88 64 000 18 Bourges
41%
47 92 000 94 Créteil
41%
86 64 000 94 Ivry-sur-Seine
41%
40 106 000 974 Saint-Paul
41%
76 69 000 95 Cergy
35%
83 66 000 91 Évry-Courcouronnes
35%
74 71 000 976 Mamoudzou
35%
94 62 000 59 Villeneuve-d'Ascq
35%
132 50 000 81 Albi
29%
49 91 000 92 Asnières-sur-Seine
29%
55 86 000 93 Aulnay-sous-Bois
29%
109 55 000 60 Beauvais
29%
50 90 000 92 Colombes
29%
101 58 000 83 Fréjus
29%
113 54 000 85 La Roche-sur-Yon
29%
58 81 000 974 Le Tampon
29%
66 77 000 33 Mérignac
29%
99 59 000 92 Neuilly-sur-Seine
29%
81 66 000 33 Pessac
29%
46 95 000 94 Vitry-sur-Seine
29%
111 55 000 93 Bobigny
24%
116 54 000 49 Cholet
24%
110 55 000 83 Hyères
24%
91 62 000 83 La Seyne-sur-Mer
24%
108 56 000 77 Meaux
24%
121 52 000 02 Saint-Quentin
24%
89 64 000 92 Antony
18%
122 52 000 06 Cagnes-sur-Mer
18%
84 65 000 92 Clichy
18%
59 81 000 92 Courbevoie
18%
75 71 000 93 Drancy
18%
78 67 000 92 Issy-les-Moulineaux
18%
125 51 000 971 Les Abymes
18%
95 60 000 93 Pantin
18%
104 57 000 974 Saint-André
18%
126 51 000 973 Saint-Laurent-du-Maroni
18%
100 58 000 95 Sarcelles
18%
82 66 000 69 Vénissieux
18%
64 78 000 94 Champigny-sur-Marne
12%
117 53 000 91 Corbeil-Essones
12%
131 50 000 92 Gennevilliers
12%
77 68 000 92 Levallois-Perret
12%
105 57 000 94 Maisons-Alfort
12%
133 50 000 91 Massy
12%
73 71 000 93 Noisy-le-Grand
12%
60 80 000 92 Rueil-Malmaison
12%
134 50 000 44 Saint-Herblain
12%
114 54 000 974 Saint-Louis
12%
68 76 000 94 Saint-Maur-des-fossés
12%
130 51 000 93 Bondy
6%
115 54 000 77 Chelles
6%
106 56 000 92 Clamart
6%
118 53 000 93 Épinay-sur-Seine
6%
98 59 000 93 Le Blanc-Mesnil
6%
120 53 000 93 Saint-Ouen-sur-Seine
6%
128 51 000 78 Sartrouville
6%
127 51 000 93 Sevran
6%
124 52 000 69 Vaulx-en-Velin
6%
103 58 000 94 Villejuif
6%
123 52 000 94 Fontenay-sous-Bois
0%
No matching quizzes found
Score Distribution
Percent of People with Each Score
Percentile by Number Answered
Your Score History
You have not taken this quiz